1591 1674 1433 1397 1755 1565 1496 1708 1779 1359 1890 1556 1278 1650 1320 1603 1650 1066 1603 1301 1324 1848 1517 1594 1338 1023 1845 1161 1272 1308 1320 1503 1188 1052 1031 1148 1220 1175 1551 1032 1722 1117 1636 1688 1089 1500 1908 1380 1571 1887 1786 1959 1031 1743 1904 1471 1833 1191 1868 1376 1877 1367 1879 1880 1179 1052 1802 1972 1144 1415 1491 1673 1475 1792 1745 1300 1043 1405 1415 1372 1050 1560 1435 1685 1246 1628 1986 1060 1165 1804 1019 1531 1772 1985 1219 1782 1781 1122 1874 BCNSPRNW ULIB Ver.6.0+V

เปลี่ยนเป็นภาษาไทย

Change to English
 แสดงรายละเอียดบรรณานุกรม
  กลับหน้าหลัก

Brief Record : Get Marc (ISO 2709) : E-mail record : QR code < ปิดหน้าต่าง
LEADER : 00000nam 2200000uu 4500
001    13399113186
003     ULIB
008    110627s2544||||th 000 0 tha d
020    97897447236
090    นว.^bร942ฮ ล.2 2544
100 0  โรว์ลิ่ง, เจ.เค.
245 00 แฮร์รี่ พอตเตอร์ กับห้องแห่งความลับ เล่ม 2/^cโรว์ลิ่ง, เจ.เค.
250    พิมพ์ครั้งที่ 8
260    กรุงเทพฯ :^bนานมีบุ๊คส์,^c2544
300    408 หน้า
710 1  นานมีบุ๊คส์
945    ^p0^l0^i014148
995    ทศพร
999 ^a ใช้งานได้ทุกระบบ
รายการนี้ยังไม่มีแท็ก
คุณยังไม่ได้ล็อกอิน คุณสามารถมีกิจกรรมร่วมกับเว็บไซต์ได้ แต่ต้องล็อกอินก่อน ::
  ล็อกอิน

รายการสื่อสารสนเทศ

ลำดับที่ ประเภท เลขเรียก/บาร์โค้ด สถานที่ สถานะ
- ไม่พบข้อมูล -

รายการใกล้เคียง
    ผู้แต่ง [โรว์ลิ่ง, เจ.เค.]

BibComment


ยังไม่เคยถูกคอมเมนท์

คอมเมนท์ทรัพยากรรายการนี้
  คอมเมนท์: แฮร์รี่ พอตเตอร์ ..


 Copyright 2026. Bcnsprnw @Library